00358nam a2200133Ia 4500003000400000008004100004020002300045040000800068100001500076245008000091260003100171300001000202365001200212LDD181029s9999 xx 000 0 und d a1402050194cE69.95 cLDD aSavary, S. 0aPlant disease epidemiologybfacing challenges of the 21thcenturycS. Savary aNetherlandbSpringerc2006 a138p. bE 69.95